Barron's SAT Subject Test: Math Level-2 (Record no. 491109)

000 -LEADER
fixed length control field 00427nam a22001697a 4500
020 ## - INTERNATIONAL STANDARD BOOK NUMBER
International Standard Book Number 9780764136924
082 ## - DEWEY DECIMAL CLASSIFICATION NUMBER
Classification number 378.1664 KUR
100 ## - MAIN ENTRY--PERSONAL NAME
Personal name Ku, Richard
245 ## - TITLE STATEMENT
Title Barron's SAT Subject Test: Math Level-2
250 ## - EDITION STATEMENT
Edition statement 8th
260 ## - PUBLICATION, DISTRIBUTION, ETC.
Place of publication, distribution, etc. Rawalpindi
Name of publisher, distributor, etc. Jahangir Books
Date of publication, distribution, etc. 2010
300 ## - PHYSICAL DESCRIPTION
Extent v, 364 p.
500 ## - GENERAL NOTE
General note Includes index
650 ## - SUBJECT ADDED ENTRY--TOPICAL TERM
Topical term or geographic name entry element SAT (Educational test)--Mathematics
700 ## - ADDED ENTRY--PERSONAL NAME
Personal name Dodge, Howard
942 ## - ADDED ENTRY ELEMENTS (KOHA)
Koha item type Book
Holdings
Withdrawn status Lost status Damaged status Not for loan Collection code Permanent Location Current Location Shelving location Date acquired Source of acquisition Total Checkouts Full call number Barcode Checked out Date last seen Date last checked out Price effective from Koha item type
          Central Library (CL) Central Library (CL) General Stacks 03/21/2018 Donation 4 378.1664 KUR SEECSD01371 02/11/2026 01/12/2026 01/12/2026 03/30/2018 Book
© 2023 Central Library, National University of Sciences and Technology. All Rights Reserved.